[Event "Amsterdam Euwe Memorial"]
[Site "Amsterdam"]
[Date "1991.??.??"]
[Round "6"]
[White "Van der Wiel, John"]
[Black "Gurevich, Mikhail"]
[Result "1/2-1/2"]
[WhiteElo "2530"]
[BlackElo "2650"]
[Annotator "King,D"]
[PlyCount "120"]
[EventDate "1991.05.??"]
[EventType "tourn"]
[EventRounds "9"]
[EventCountry "NED"]
[EventCategory "16"]
[SourceTitle "CBM 023"]
[Source "ChessBase"]
[SourceDate "1991.08.01"]
[SourceVersion "1"]
[SourceVersionDate "1991.08.01"]
[SourceQuality "1"]

1. e4 g6 2. d4 d6 3. Nc3 Bg7 4. Be3 c6 5. Qd2 Nd7 6. f4 b5 7. Nf3 Ngf6 (7...
Nb6 8. b3 Nf6 9. Bd3 O-O 10. h3 Qc7 (10... a5 11. O-O b4 12. Ne2 Qc7 13. f5 c5
14. Bh6 c4 15. bxc4 Nxc4 16. Qg5 Bb7 17. Ng3 d5 18. Bxg7 Kxg7 19. e5 Ng8 20.
fxg6 fxg6 21. Nh5+ Kh8 22. Bxg6 $18 {Belotti-Kassabe, Novi Sad Ol. 1990.}) 11.
Rc1 a6 12. a4 bxa4 13. bxa4 a5 14. O-O Bd7 15. f5 c5 16. dxc5 Nxa4 17. Nxa4
Bxa4 18. cxd6 exd6 19. Bd4 Nd7 20. Ra1 Bc6 21. Bxg7 Kxg7 22. Qc3+ Ne5 23. f6+
$36 {Schmittdiel-Kindermann, Dortmund-A 1989.}) 8. e5 (8. Bd3 Nb6 9. h3 a5 10.
O-O O-O 11. e5 {>= 11.f5! ->} Nfd5 12. Nxd5 Nxd5 $132 {Kozlov-Shchekachev,
Moscow 1991.}) 8... b4 9. exf6 bxc3 10. Qxc3 Nxf6 11. Qxc6+ {Black has
sufficient compensation for the pawn. As demonstrated in the above  games, it
might be more dangerous to play the traditional attacking plan of Bd3, 0-0, f5
etc.} Bd7 12. Qa6 O-O 13. Bd3 Qb8 14. Rb1 Ng4 15. Bd2 e5 16. O-O (16. h3 e4 $1)
16... exd4 17. Rfe1 Ne3 18. c3 Bc8 19. Qa4 Bb7 20. cxd4 Nf5 21. Be4 Bxe4 22.
Rxe4 Qb7 23. Re2 Rac8 24. Be1 h5 25. Rd1 Bh6 26. d5 Rc5 27. Qe4 Qa6 28. Qd3
Qxd3 29. Rxd3 Bxf4 30. g3 Bh6 31. h3 Bg7 32. Kg2 Rfc8 33. Bf2 Rc2 34. Rdd2 Rxd2
35. Rxd2 a5 36. b3 Rc3 37. Bb6 Bh6 38. Re2 Ne3+ 39. Kf2 Nd1+ 40. Kg2 Ne3+ 41.
Kf2 Nxd5 42. Bxa5 Be3+ 43. Kg2 Rd3 44. Bd2 Kf8 45. Bxe3 Nxe3+ 46. Kf2 Nd1+ 47.
Kg2 Nc3 48. Rb2 Ke7 49. b4 Na4 50. Rc2 Nc3 51. Rb2 Ne4 52. a4 Kd7 53. a5 Ra3
54. g4 hxg4 55. hxg4 Nf6 56. Ng5 Nxg4 57. Nxf7 Ne3+ 58. Kh2 Nc4 59. Rg2 Ra4 60.
Rxg6 Rxb4 1/2-1/2

[Event "Vienna op"]
[Site "Vienna"]
[Date "1990.??.??"]
[Round "8"]
[White "Honfi, Karoly"]
[Black "Spraggett, Kevin"]
[Result "1-0"]
[WhiteElo "2345"]
[BlackElo "2540"]
[Annotator "King,D"]
[PlyCount "123"]
[EventDate "1990.10.??"]
[EventType "swiss"]
[EventRounds "9"]
[EventCountry "AUT"]
[SourceTitle "CBM 021"]
[Source "ChessBase"]
[SourceDate "1991.04.01"]
[SourceVersion "1"]
[SourceVersionDate "1991.04.01"]
[SourceQuality "1"]

1. e4 g6 2. d4 Bg7 3. c3 d6 4. Nf3 Nc6 5. Bc4 Nf6 6. Qe2 e5 (6... O-O 7. O-O
Nh5 $5 8. d5 Nb8 9. Be3 e5 10. dxe6 fxe6 {<=> Rukavina-Adorjan 1972.}) 7. dxe5
Nxe5 8. Nxe5 dxe5 9. Bg5 h6 10. Bh4 c6 11. Nd2 Qc7 12. O-O Nh5 13. Rfd1 Nf4 14.
Qe3 O-O 15. a4 Kh8 (15... a5 $5) 16. a5 $14 f5 17. f3 Ne6 18. b4 f4 19. Qe2 g5
20. Bf2 Rf6 21. Bb3 Rg6 22. Nc4 g4 23. fxg4 Ng5 24. Kh1 Be6 25. Nd2 Rg8 26.
Bxe6 Nxe6 27. Bxa7 Bf6 28. Qc4 Qe7 29. Nf3 Rxg4 30. Ra2 Nc7 31. Rad2 Nb5 32.
Bc5 Qe8 33. Rg1 R4g7 34. Bf2 Qh5 35. Qe6 Rg6 36. Qf5 Qxf5 37. exf5 R6g7 38. Bh4
Bxh4 39. Nxh4 Nxc3 40. Ng6+ Kh7 41. Re1 e4 42. Rc2 Nd5 43. Rxe4 Ne3 44. Rd2
Nxf5 45. Nxf4 Rf7 46. Kg1 Ra8 47. Ne6 Kg8 48. Nd8 Rg7 49. Kf2 Kh7 50. Rf4 Ne7
51. Ne6 Ng6 52. Nxg7 Nxf4 53. Nf5 Nd5 54. Rd4 Kg6 55. Nd6 Rf8+ 56. Ke2 b6 57.
axb6 Nxb6 58. Nc4 Re8+ 59. Kd3 Nd5 60. Na5 Re3+ 61. Kd2 Ra3 62. Nxc6 1-0

[Event "Stockholm"]
[Site "Stockholm"]
[Date "1990.??.??"]
[Round "?"]
[White "Gausel, Einar"]
[Black "Karlsson, Lars"]
[Result "1-0"]
[WhiteElo "2460"]
[BlackElo "2495"]
[Annotator "King,D"]
[PlyCount "98"]
[EventDate "1990.??.??"]
[EventType "tourn"]
[EventRounds "9"]
[EventCountry "SWE"]
[EventCategory "11"]
[SourceTitle "CBM 022"]
[Source "ChessBase"]
[SourceDate "1991.06.01"]
[SourceVersion "1"]
[SourceVersionDate "1991.06.01"]
[SourceQuality "1"]

1. e4 g6 2. d4 Bg7 3. Nc3 d6 4. Nf3 a6 5. a4 (5. Bc4) (5. Be2) 5... b6 6. Be3 {
>= 6.Bc4.} e6 7. Qd2 Bb7 8. Bd3 Nd7 9. h3 c5 10. O-O Ngf6 11. Bh6 O-O $10 12.
Rfe1 Qc7 13. Bxg7 Kxg7 14. e5 Ne8 15. exd6 Nxd6 16. Ne4 cxd4 17. Nxd4 e5 18.
Nxd6 Qxd6 19. Bxa6 exd4 20. Bxb7 Ra7 21. Be4 Nc5 22. b3 f5 23. Bd3 f4 24. f3
Rff7 25. Rad1 Rf8 26. Bb5 Rd8 27. Re2 Qf6 28. Kh1 d3 29. Bxd3 Rad7 30. Qb4 Nxd3
31. cxd3 Rxd3 32. Rxd3 Rxd3 33. Re4 h5 34. Kh2 Re3 35. Qc4 Rxe4 36. Qxe4 g5 37.
b4 g4 38. hxg4 hxg4 39. fxg4 Qh4+ 40. Kg1 Qxg4 41. Qd4+ Kf7 42. Qxb6 Qh4 43.
Qb7+ Kf6 44. Qe4 Qg4 45. Qd4+ Ke6 46. b5 Qh4 47. Qe4+ Kd7 48. b6 Kc8 49. Qc6+
Kd8 1-0

[Event "Sydney"]
[Site "Sydney"]
[Date "1990.??.??"]
[Round "5"]
[White "Gedevanishvili, Dmitry"]
[Black "Johansen, Darryl Keith"]
[Result "0-1"]
[WhiteElo "2420"]
[BlackElo "2420"]
[Annotator "King,D"]
[PlyCount "76"]
[EventDate "1990.??.??"]
[EventType "tourn"]
[EventRounds "9"]
[EventCountry "AUS"]
[EventCategory "6"]
[SourceTitle "CBM 020"]
[Source "ChessBase"]
[SourceDate "1991.02.01"]
[SourceVersion "1"]
[SourceVersionDate "1991.02.01"]
[SourceQuality "1"]

1. Nf3 g6 2. e4 Bg7 3. d4 d6 4. Nc3 a6 5. a4 Bg4 6. Be2 Nc6 7. Be3 (7. d5 Bxf3
8. Bxf3 Ne5 9. Be2 c6 10. O-O $14 {Mednis-Soltis, NY 1977.}) 7... e5 $1 $10 8.
dxe5 dxe5 9. Qxd8+ Rxd8 10. Nd5 Rd7 11. O-O-O h5 12. Rd2 Nf6 13. Nxf6+ Bxf6 14.
Rxd7 Kxd7 15. c3 Nd8 16. Rd1+ Ke8 17. Bc4 Bg7 18. Kc2 Ne6 19. Bd5 c6 20. Ba2
Nf4 21. Bxf4 exf4 22. Rd3 Bf6 23. h3 Bc8 24. a5 g5 25. Nd4 g4 26. Ne2 Be5 27.
h4 f5 28. Rd1 fxe4 29. Nd4 Ke7 30. Re1 c5 31. Nb3 e3 32. fxe3 f3 33. gxf3 gxf3
34. Nxc5 Rf8 35. Nd3 f2 36. Rf1 Bg3 37. Nf4 Bxf4 38. exf4 Rxf4 0-1

[Event "Vrnjacka Banja"]
[Site "Vrnjacka Banja"]
[Date "1991.??.??"]
[Round "4"]
[White "Matulovic, Milan"]
[Black "Simic, Radoslav"]
[Result "1-0"]
[WhiteElo "2470"]
[BlackElo "2485"]
[Annotator "King,D"]
[PlyCount "67"]
[EventDate "1991.04.??"]
[EventType "tourn"]
[EventRounds "15"]
[EventCountry "YUG"]
[EventCategory "9"]
[SourceTitle "CBM 023"]
[Source "ChessBase"]
[SourceDate "1991.08.01"]
[SourceVersion "1"]
[SourceVersionDate "1991.08.01"]
[SourceQuality "1"]

1. e4 d6 2. d4 g6 3. Nf3 Bg7 4. Bc4 c6 5. Bb3 Nf6 6. Qe2 O-O 7. e5 {It is
better to delay a commitment in the centre and castle. (7.0-0)} Nd5 8. h3 a5 9.
a4 dxe5 10. dxe5 Na6 11. O-O Nc5 $10 12. Bxd5 Qxd5 13. Rd1 Qe6 14. Nc3 h6 15.
Bf4 g5 16. Nd4 Qg6 17. Bg3 Ne6 18. Nf3 b6 19. Rd2 Ba6 20. Qe3 Rab8 21. Ne4 Rfe8
22. b3 c5 23. Nc3 Bb7 24. Nb5 Bxf3 25. Qxf3 Rbd8 26. Rad1 Nd4 27. Nxd4 Rxd4 28.
Rxd4 cxd4 29. Rxd4 Qxc2 30. Rc4 Qb1+ 31. Kh2 Qb2 32. e6 fxe6 33. Qc6 Qxb3 34.
Qxe8+ 1-0

[Event "Vienna op"]
[Site "Vienna"]
[Date "1990.??.??"]
[Round "4"]
[White "Szalanczy, Emil"]
[Black "Petursson, Margeir"]
[Result "1/2-1/2"]
[WhiteElo "2405"]
[BlackElo "2550"]
[Annotator "King,D"]
[PlyCount "60"]
[EventDate "1990.10.??"]
[EventType "swiss"]
[EventRounds "9"]
[EventCountry "AUT"]
[SourceTitle "CBM 021"]
[Source "ChessBase"]
[SourceDate "1991.04.01"]
[SourceVersion "1"]
[SourceVersionDate "1991.04.01"]
[SourceQuality "1"]

1. e4 g6 2. d4 d6 3. Nc3 c6 4. Be3 Bg7 5. Qd2 b5 6. Bd3 Nd7 7. Nf3 a6 {If
black is going to play ...b4 after a4, then 7...a6 makes no sense. (see game).
7...Ngf6 seems better.} 8. O-O e5 9. a4 b4 10. Ne2 a5 11. c3 bxc3 12. Qxc3 Ne7
13. dxe5 dxe5 14. Bc4 O-O 15. Rfd1 $16 Qe8 16. b4 axb4 17. Qxb4 c5 18. Bxc5
Nxc5 19. Qxc5 Rxa4 20. Rxa4 Qxa4 21. Nc3 Qc6 22. Qxc6 Nxc6 23. Rd6 Nd8 24. Nd5
Kh8 25. h3 Nb7 26. Rb6 Nc5 27. Ng5 Ne6 28. Nxe6 Bxe6 29. Ne3 Bxc4 30. Nxc4 Kg8
1/2-1/2

[Event "Linares 09th"]
[Site "Linares"]
[Date "1991.??.??"]
[Round "5"]
[White "Ljubojevic, Ljubomir"]
[Black "Ehlvest, Jaan"]
[Result "1-0"]
[WhiteElo "2590"]
[BlackElo "2650"]
[Annotator "King,D"]
[PlyCount "101"]
[EventDate "1991.02.??"]
[EventType "tourn"]
[EventRounds "13"]
[EventCountry "ESP"]
[EventCategory "17"]
[SourceTitle "CBM 022"]
[Source "ChessBase"]
[SourceDate "1991.06.01"]
[SourceVersion "1"]
[SourceVersionDate "1991.06.01"]
[SourceQuality "1"]

1. e4 g6 2. d4 Bg7 3. Nc3 d6 4. Be3 a6 5. Qd2 b5 6. a4 (6. f3 {Hübner-Ehlvest,
Manila 1990.}) 6... b4 7. Nd1 {7.Nce2 Zapata-Smyslov, Manila 1990.} a5 8. c3
Nf6 9. f3 bxc3 10. bxc3 O-O 11. Bd3 Nbd7 12. Ne2 c6 13. O-O e5 14. Nf2 d5 15.
Bh6 $14 Qc7 16. Bxg7 Kxg7 17. f4 dxe4 18. Bxe4 exd4 19. Nxd4 Bb7 20. Bf3 Rad8
21. Nd3 c5 22. Nb5 Qb6 23. Bxb7 c4+ 24. Nd4 Qxb7 25. Ne5 Ne4 26. Qe3 Ndf6 27.
Rab1 Qc7 28. Rb5 Nd6 29. Rc5 Qb7 30. Rxa5 Kg8 31. Ndc6 Ra8 32. Rxa8 Rxa8 33. a5
Ra6 34. Qc5 Nfe4 35. Qd5 Kg7 36. Qd4 f6 37. Nd8 Qb2 38. Ne6+ Kg8 39. Nxc4 Qxc3
40. Qxc3 Nxc3 41. Nc7 Rc6 42. Nxd6 Rxc7 43. Ra1 Ne2+ 44. Kf1 Nxf4 45. a6 Ra7
46. Nb5 Ra8 47. a7 Nd5 48. Ra6 Kf7 49. Rd6 Ne3+ 50. Kg1 Nc4 51. Rc6 1-0

[Event "Altensteig"]
[Site "Altensteig"]
[Date "1990.??.??"]
[Round "7"]
[White "Gabriel, Christian"]
[Black "Schlosser, Philipp"]
[Result "0-1"]
[WhiteElo "2365"]
[BlackElo "2455"]
[Annotator "King,D"]
[PlyCount "40"]
[EventDate "1990.07.??"]
[EventType "tourn"]
[EventRounds "11"]
[EventCountry "GER"]
[EventCategory "9"]
[SourceTitle "CBM 020"]
[Source "ChessBase"]
[SourceDate "1991.02.01"]
[SourceVersion "1"]
[SourceVersionDate "1991.02.01"]
[SourceQuality "1"]

1. e4 g6 2. d4 Bg7 3. c3 d6 4. Bc4 Nf6 5. Qe2 c6 6. Nf3 O-O 7. Nbd2 {Obviously
white should play 7.Bb3 in order to meet ...d5 with e5.} d5 8. Bd3 dxe4 9. Nxe4
Nxe4 10. Bxe4 Nd7 11. Bf4 c5 $10 12. dxc5 Nxc5 13. Rd1 Qb6 14. Be3 Qa5 15. Rd5
b6 16. Bxc5 bxc5 17. Qc4 Rb8 18. Rxc5 Qb6 19. Rc6 Qxb2 20. O-O Bd7 0-1

[Event "Toledo"]
[Site "Toledo"]
[Date "1991.??.??"]
[Round "3"]
[White "Braga, Fernando Alberto"]
[Black "De la Riva Aguado, Oscar"]
[Result "1/2-1/2"]
[WhiteElo "2445"]
[BlackElo "2360"]
[Annotator "King,D"]
[PlyCount "84"]
[EventDate "1991.02.??"]
[EventType "tourn"]
[EventRounds "9"]
[EventCountry "ESP"]
[EventCategory "8"]
[SourceTitle "CBM 022"]
[Source "ChessBase"]
[SourceDate "1991.06.01"]
[SourceVersion "1"]
[SourceVersionDate "1991.06.01"]
[SourceQuality "1"]

1. d4 g6 2. e4 Bg7 3. Nc3 c6 4. h4 $5 d5 5. e5 h5 6. Nh3 Nh6 7. Nf4 Nf5 8. Nce2
e6 9. g3 c5 10. c3 Nc6 11. Bh3 Nfe7 12. O-O (12. Nd3 $1 cxd4 13. cxd4 Qb6 14.
Be3 $14) 12... Qb6 $10 13. b3 cxd4 14. cxd4 Bd7 15. Qd2 a5 16. Ba3 Nb4 17. Rfd1
Bh6 18. Nc3 Bb5 19. Rac1 Nec6 20. Bb2 Na7 21. Nxb5 Qxb5 22. a3 Nbc6 23. Rc3 O-O
24. Rf3 Nc8 25. Bf1 Qb6 26. Nxd5 Bxd2 27. Nxb6 Nxb6 28. Rxd2 Rfd8 29. Rfd3 a4
30. Rc2 Ra5 31. Rc5 axb3 32. Rxb3 Na4 33. Rxa5 Nxa5 34. Rb5 Nxb2 35. Rxa5 Rxd4
36. Rb5 Nd3 37. f4 Ne1 38. Kf2 Nc2 39. Rxb7 Nxa3 40. Rb2 Ra4 41. Ra2 Ra7 42.
Bd3 Nb5 1/2-1/2

[Event "Interzonal-15"]
[Site "Manila"]
[Date "1990.??.??"]
[Round "1"]
[White "Zapata, Alonso"]
[Black "Gurevich, Mikhail"]
[Result "0-1"]
[WhiteElo "2545"]
[BlackElo "2640"]
[Annotator "King,D"]
[PlyCount "80"]
[EventDate "1990.06.29"]
[EventType "swiss"]
[EventRounds "13"]
[EventCountry "PHI"]
[SourceTitle "CBM 019"]
[Source "ChessBase"]
[SourceDate "1990.12.01"]
[SourceVersion "1"]
[SourceVersionDate "1990.12.01"]
[SourceQuality "1"]

1. e4 {Zapata} d6 2. d4 g6 3. Nc3 Bg7 4. Be3 a6 5. a4 Nf6 6. Qd2 O-O (6... Ng4
$5 {Zapata} 7. Bg5 h6 8. Bh4 {/\ 9.f3, 9.h3}) 7. Nf3 Bg4 8. Be2 Nc6 9. d5 Bxf3
10. Bxf3 Ne5 (10... Nb4 $2 {Zapata} 11. a5 {/\ Ne2, c3 פb4}) 11. Be2 c6 (11...
e6 {Zapata} 12. dxe6 fxe6 13. O-O $14) 12. a5 {The game has transposed into a
main line classical, where white has already managed to get his pawn to a5: 4.
Be3 is a very flexible move. I don't think Zapata makes the most of the
position though.} Ned7 13. O-O Qc7 14. Rfd1 {14.Rfd1 is an unnecessary move.
14.Ra4 or 14.Ra3!? .} Rfc8 15. Ra4 Ne8 (15... Nc5 $2 {Zapata} 16. Rc4 {/\ b4})
16. Bd4 Bxd4 17. Qxd4 Nef6 18. h4 Qd8 {Why not 18...h5?} (18... cxd5 {Zapata}
19. exd5 Qc5 20. Qd2 $16) 19. h5 cxd5 20. exd5 Rc5 21. hxg6 hxg6 (21... fxg6 {
Zapata} 22. Qe3 {><e6, e7}) 22. Qd2 (22. Qe3 $6 {Zapata} Rxa5 23. Rxa5 Qxa5 24.
Qxe7 Qb4 $17 {/\ Re8}) 22... Qf8 23. g4 Qg7 24. g5 Nh7 25. Kg2 Rac8 26. Bg4 $16
R8c7 27. Bxd7 Rxd7 28. Rh4 Rdc7 29. Rdh1 Nf8 30. Qf4 f5 (30... Qe5 {Zapata} 31.
Qxe5 dxe5 32. Ne4 Rxd5 (32... Rc4 33. d6 $1 $18) 33. Nf6+ exf6 34. gxf6 $18)
31. gxf6 Qxf6 32. Rh8+ Kf7 33. Qh6 Qg7 34. Qe3 Ke8 35. Ne4 Rxd5 36. R1h7 Qxb2 (
36... Qxh7 37. Nf6+) (36... Qe5 37. Qf3 Qf5 38. Nf6+ $1 $18) 37. Qg3 (37. Qh6
$142 $18) 37... Rc8 38. Qxg6+ $2 (38. Rxf8+ Kxf8 39. Qxg6 $18) 38... Kd7 39.
Qf7 $2 (39. Qg4+ Kc7 40. Rxe7+ Kb8 41. Qxc8+ $18) 39... Qe5 $4 (39... Nxh7 $142
) 40. Qxd5 $4 (40. Nf6+ $142 $18) 40... Qxd5 0-1

[Event "OHRA-A"]
[Site "Amsterdam"]
[Date "1990.??.??"]
[Round "1"]
[White "Van der Wiel, John"]
[Black "Azmaiparashvili, Zurab"]
[Result "1/2-1/2"]
[WhiteElo "2555"]
[BlackElo "2575"]
[Annotator "King,D"]
[PlyCount "33"]
[EventDate "1990.07.??"]
[EventType "tourn"]
[EventRounds "10"]
[EventCountry "NED"]
[EventCategory "14"]
[SourceTitle "CBM 020"]
[Source "ChessBase"]
[SourceDate "1991.02.01"]
[SourceVersion "1"]
[SourceVersionDate "1991.02.01"]
[SourceQuality "1"]

1. e4 g6 2. d4 Bg7 3. Nc3 d6 4. Be3 a6 5. h4 h5 6. Qd2 b5 (6... Nf6 7. f3 b5 8.
Nh3 Nbd7 9. Ng5 Bb7 10. a4 b4 11. Nd1 a5 12. c3 bxc3 13. bxc3 O-O 14. Bd3 c6
15. Nf2 e5 16. Rb1 $14 {A.Ivanov-Seirawan, NY Open 1990.}) 7. f3 Nd7 8. Nh3 Bb7
9. a4 c6 $1 10. Ng5 Ngf6 11. Be2 e5 12. axb5 axb5 13. Rxa8 Qxa8 14. O-O (14.
dxe5 dxe5 15. Qd6 $5) 14... O-O 15. dxe5 dxe5 $10 16. Rd1 Re8 17. Qe1 1/2-1/2

[Event "Groningen op"]
[Site "Groningen"]
[Date "1990.??.??"]
[Round "7"]
[White "Motwani, Paul"]
[Black "Rashkovsky, Nukhim N"]
[Result "1-0"]
[WhiteElo "2425"]
[BlackElo "2530"]
[Annotator "King,D"]
[PlyCount "59"]
[EventDate "1990.??.??"]
[EventType "swiss"]
[EventRounds "9"]
[EventCountry "NED"]
[SourceTitle "CBM 022"]
[Source "ChessBase"]
[SourceDate "1991.06.01"]
[SourceVersion "1"]
[SourceVersionDate "1991.06.01"]
[SourceQuality "1"]

1. e4 g6 2. d4 Bg7 3. Nc3 d6 4. f4 a6 5. Nf3 b5 6. Bd3 Bb7 7. e5 (7. O-O Nd7 8.
e5 c5 9. Be4 Bxe4 10. Nxe4 cxd4 11. e6 fxe6 12. Neg5 Nf8 13. Nxd4 Bxd4+ 14.
Qxd4 Nf6 15. Re1 Qc8 16. a4 $14 {Timman-Kagan, 1979.}) 7... c5 8. dxc5 dxe5 9.
Nxe5 Nf6 10. Be3 O-O 11. Qe2 Nc6 12. O-O-O $16 Qa5 13. Kb1 Rab8 14. Bc1 b4 15.
Nc4 Qc7 16. Na4 Nd5 17. Qf2 Na5 18. Nxa5 Qxa5 19. Bc4 Nf6 20. Bb3 Bc6 21. Nb6
Ne4 22. Qe3 Qxc5 23. Nd7 Bxd7 24. Rxd7 Qc6 25. Rxe7 Nc5 26. Rd1 a5 27. Bd5 Qc8
28. f5 gxf5 29. Qg3 Na4 30. Bh6 1-0

[Event "Marseille"]
[Site "Marseille"]
[Date "1990.??.??"]
[Round "5"]
[White "Koch, Jean Rene"]
[Black "Todorcevic, Miodrag"]
[Result "0-1"]
[WhiteElo "2435"]
[BlackElo "2540"]
[Annotator "King,D"]
[PlyCount "104"]
[EventDate "1990.06.??"]
[EventType "tourn"]
[EventRounds "9"]
[EventCountry "FRA"]
[EventCategory "11"]
[SourceTitle "CBM 020"]
[Source "ChessBase"]
[SourceDate "1991.02.01"]
[SourceVersion "1"]
[SourceVersionDate "1991.02.01"]
[SourceQuality "1"]

1. e4 g6 2. d4 Bg7 3. Nc3 d6 4. Be3 c6 5. h3 b5 6. Bd3 Nd7 7. Nf3 a6 8. a4 {
>= 8...Bb7.} b4 9. Ne2 a5 10. O-O Qc7 11. c3 $14 Ngf6 12. cxb4 axb4 13. Qb3 Qa5
14. Rfc1 Bb7 15. Nd2 O-O 16. Nc4 Qa7 17. e5 Nd5 18. exd6 e6 19. a5 c5 20. a6
Bc8 21. dxc5 Nxe3 22. Nxe3 Nxc5 23. Qc2 Nxd3 24. Qxd3 Bxb2 25. Rc7 Bxa1 26.
Rxa7 Rxa7 27. Nc2 Bxa6 28. Qe3 Raa8 29. Nxb4 Bxe2 30. Qxe2 Rfd8 31. Qe4 Ra4 32.
Qb1 Be5 33. g3 Bxd6 34. Nc6 Rda8 35. Qb7 Bf8 36. Ne5 R4a7 37. Qc6 Bg7 38. Nc4
h5 39. Kg2 Rd8 40. Nd6 Bd4 41. Ne4 Rad7 42. g4 hxg4 43. hxg4 Kg7 44. Qb5 Rd5
45. Qb7 R8d7 46. Qc6 Ra7 47. Qc4 Be5 48. Qe2 Ra4 49. Kh3 Rb4 50. Ng5 Bf6 51.
Nf3 Rc5 52. Ne1 Rb6 0-1

[Event "Interzonal-15"]
[Site "Manila"]
[Date "1990.??.??"]
[Round "4"]
[White "Zapata, Alonso"]
[Black "Smyslov, Vassily V"]
[Result "1-0"]
[WhiteElo "2545"]
[BlackElo "2570"]
[Annotator "King,D"]
[PlyCount "89"]
[EventDate "1990.06.29"]
[EventType "swiss"]
[EventRounds "13"]
[EventCountry "PHI"]
[SourceTitle "CBM 019"]
[Source "ChessBase"]
[SourceDate "1990.12.01"]
[SourceVersion "1"]
[SourceVersionDate "1990.12.01"]
[SourceQuality "1"]

1. e4 d6 2. d4 g6 3. Nc3 Bg7 4. Be3 a6 5. Qd2 b5 6. a4 $1 b4 7. Nce2 a5 8. Ng3
(8. c3 Nf6 9. f3 Na6) 8... h5 (8... Nf6 9. Bh6) (8... Nd7 $5) 9. h4 Nf6 10. f3
Nbd7 (10... Na6 $5) 11. Bb5 O-O (11... Ba6 12. Bc6 Rb8 13. e5 $16) 12. Bh6 c5
13. N1e2 e6 14. O-O-O {14.Bg7! Kg7 15.Qg5 Kh7 16.dc5 Nc5 17.0-0-0 +/- - Zapata.
} (14. Bxg7 $1 Kxg7 15. Qg5 {/\ e5, Nf4} Kh7 (15... Ba6 16. Bxd7 Qxd7 17. e5
dxe5 18. dxe5 Nh7 19. Nxh5+ Kh8 20. Nf6 $1 $18) 16. dxc5 Nxc5 17. O-O-O $16)
14... Ba6 15. Bxg7 Kxg7 16. Bxa6 (16. e5 dxe5 17. dxe5 Nd5 18. Bxd7 Bxe2 $1 $13
) (16. dxc5 Bxb5 17. axb5 dxc5 18. Qg5 {/\ Nf4+/-}) 16... Rxa6 17. Qg5 Kh7 18.
dxc5 Nxc5 19. b3 e5 20. Nf1 Rc6 21. Kb1 Ne6 22. Qd2 Qc7 23. Ne3 Rc8 24. Rc1 Rc5
25. g4 hxg4 26. Nxg4 Nxg4 27. fxg4 Nf4 (27... Qc6 {>=} 28. Rhf1 Kg7 $13) 28.
Nxf4 exf4 29. Rhf1 Kg8 30. Rxf4 Qe7 31. h5 Qe6 32. hxg6 fxg6 33. Rf2 (33. Qd4
$4 Qxb3+ $1) 33... Rc3 34. Qd4 Qe5 35. Rd1 Qxd4 36. Rxd4 Rg3 37. Rxd6 Rxg4 38.
e5 (38. Rd5 $1 $18) 38... Rf8 (38... Rc5 $1 39. Rd8+ $1 (39. Re2 Rg5 40. e6
Rge5 $132) 39... Kg7 40. Rd7+ Kh6 $8 (40... Kg8 $4 41. e6 Re4 42. e7 Rf5 43.
Rd8+ Kf7 44. Rxf5+ gxf5 45. Rf8+ Kxe7 46. Rxf5 $18) 41. Rh2+ (41. Re2 $6 Rg5 {
/\ Rge5}) 41... Kg5 42. Re2 Kf5 43. e6 Re4 $8 44. Rxe4 Kxe4 45. e7 (45. Rd1 $5)
45... Re5 46. Ra7 Kf4 47. Rxa5 Rxe7 48. Rb5 g5 $132) 39. Rxf8+ Kxf8 40. Ra6 Ke7
41. Rxa5 g5 42. Rb5 Rd4 43. a5 g4 44. a6 g3 45. a7 1-0

[Event "Kecskemet"]
[Site "Kecskemet"]
[Date "1990.??.??"]
[Round "2"]
[White "Hertneck, Gerald"]
[Black "Bilek, Istvan"]
[Result "1-0"]
[WhiteElo "2480"]
[BlackElo "2395"]
[Annotator "King,D"]
[PlyCount "79"]
[EventDate "1990.06.??"]
[EventType "tourn"]
[EventRounds "13"]
[EventCountry "HUN"]
[EventCategory "8"]
[SourceTitle "CBM 020"]
[Source "ChessBase"]
[SourceDate "1991.02.01"]
[SourceVersion "1"]
[SourceVersionDate "1991.02.01"]
[SourceQuality "1"]

1. d4 g6 2. e4 Bg7 3. Nc3 d6 4. f4 a6 5. Be3 (5. Nf3 b5 6. Bd3 Bb7 7. Qe2 Nd7
8. e5 e6 9. a4 b4 10. Ne4 d5 11. Nf2 c5 12. dxc5 Nxc5 13. Be3 $16 {Jansa-Vogt,
Inf. 17/172.}) 5... b5 6. Nf3 Bb7 7. Bd3 Nd7 8. O-O c5 $132 9. Kh1 c4 10. Be2
b4 11. Na4 Bxe4 12. Bxc4 Ngf6 13. a3 Rc8 14. Bb3 bxa3 15. Rxa3 O-O 16. Nc3 Bb7
17. Qd3 Nb6 18. f5 d5 19. fxg6 hxg6 20. Bf4 Ne4 21. Qe3 Nxc3 22. bxc3 Nc4 23.
Bxc4 dxc4 24. Rb1 Qd7 25. Kg1 Bxf3 26. Qxf3 Rc6 27. Ra5 Rfc8 28. Bg3 Qa7 29. h4
Rb6 30. Rba1 Rcc6 31. Rd5 Rc8 32. Qg4 Re6 33. Rb1 Rf8 34. h5 Qa8 35. Rg5 f5 36.
Qh3 gxh5 37. Be5 Rxe5 38. dxe5 Qe4 39. Qg3 Rf7 40. Rb8+ 1-0

[Event "Groningen op"]
[Site "Groningen"]
[Date "1990.??.??"]
[Round "5"]
[White "Van der Werf, Mark"]
[Black "Moskalenko, Viktor"]
[Result "1-0"]
[WhiteElo "2365"]
[BlackElo "2515"]
[Annotator "King,D"]
[PlyCount "91"]
[EventDate "1990.??.??"]
[EventType "swiss"]
[EventRounds "9"]
[EventCountry "NED"]
[SourceTitle "CBM 022"]
[Source "ChessBase"]
[SourceDate "1991.06.01"]
[SourceVersion "1"]
[SourceVersionDate "1991.06.01"]
[SourceQuality "1"]

1. e4 g6 2. d4 Bg7 3. Nc3 c6 4. Bc4 d6 5. Qf3 e6 6. Bf4 (6. Nge2) 6... Nd7 7.
Bb3 (7. Nge2 $14) 7... Bxd4 8. Bxd6 Ne5 9. Bxe5 Bxe5 $10 10. Rd1 Qc7 11. a4 Nf6
12. Nge2 O-O 13. h3 b6 14. Bc4 Bb7 15. O-O Rad8 16. Qe3 Nh5 17. Rxd8 Rxd8 18.
f4 Bd6 19. Kh1 a6 20. e5 Bc5 21. Qf3 b5 22. Bd3 Be7 23. Ng3 Nxg3+ 24. Qxg3 b4
25. Ne4 c5 26. Nf6+ Bxf6 27. exf6 Qd6 28. b3 Qd4 29. f5 exf5 30. Rxf5 Qd6 31.
Qxd6 Rxd6 32. Rxc5 Rxf6 33. Rc7 Bd5 34. Kg1 Rd6 35. Bc4 Bxc4 36. Rxc4 Rd2 37.
Rc6 a5 38. Rc5 Kg7 39. Rxa5 Rxc2 40. Rb5 Ra2 41. Rxb4 h5 42. h4 g5 43. hxg5 Kg6
44. Rb5 h4 45. Kh2 Kh5 46. Kh3 1-0